[Event "Villarobledo Online Qualifyer"]
[Site "playchess.com #155672"]
[Date "2009.05.23"]
[Round "10"]
[White "The bluff"]
[Black "Kendo"]
[Result "0-1"]
[WhiteElo "2267"]
[BlackElo "2732"]
[PlyCount "116"]
[EventDate "2009.05.23"]
[EventType "swiss (blitz)"]

1. e4 {[%emt 0:00:02]} e6 {[%emt 0:00:01]} 2. d3 {[%emt 0:00:01]} d5 {[%emt 0:
00:03]} 3. Nd2 {[%emt 0:00:00]} Nf6 {[%emt 0:00:01] The bluff propose la nulle}
4. Ngf3 {[%emt 0:00:04]} b6 {[%emt 0:00:02]} 5. g3 {[%emt 0:00:04]} Bc5 {[%emt
0:00:14]} 6. e5 {[%emt 0:00:05]} Nfd7 {[%emt 0:00:03]} 7. d4 {[%emt 0:00:01]}
Be7 {[%emt 0:00:01]} 8. Bg2 {[%emt 0:00:01]} Ba6 {[%emt 0:00:02]} 9. c3 {[%emt
0:00:07]} c5 {[%emt 0:00:03]} 10. Bf1 {[%emt 0:00:03]} Qc8 {[%emt 0:00:02]} 11.
Bxa6 {[%emt 0:00:04]} Qxa6 {[%emt 0:00:01]} 12. Qe2 {[%emt 0:00:01]} Qxe2+ {
[%emt 0:00:04]} 13. Kxe2 {[%emt 0:00:00]} Nc6 {[%emt 0:00:01]} 14. Nb3 {[%emt
0:00:07]} Rc8 {[%emt 0:00:04]} 15. Be3 {[%emt 0:00:04]} cxd4 {[%emt 0:00:06]}
16. cxd4 {[%emt 0:00:02]} Kd8 {[%emt 0:00:03]} 17. Rhc1 {[%emt 0:00:08]} h6 {
[%emt 0:00:03]} 18. a3 {[%emt 0:00:09]} Kc7 {[%emt 0:00:03]} 19. Rc3 {[%emt 0:
00:03]} Kb7 {[%emt 0:00:02]} 20. Rac1 {[%emt 0:00:01] The bluff propose la
nulle} a5 {[%emt 0:00:14]} 21. Nbd2 {[%emt 0:00:10]} a4 {[%emt 0:00:05]} 22. b3
{[%emt 0:00:16]} Bxa3 {[%emt 0:00:09]} 23. Rb1 {[%emt 0:00:10]} Bb4 {[%emt 0:
00:02]} 24. Rc2 {[%emt 0:00:05]} a3 {[%emt 0:00:03]} 25. Ra2 {[%emt 0:00:03]}
Ra8 {[%emt 0:00:07]} 26. Ne1 {[%emt 0:00:04]} Bc3 {[%emt 0:00:13]} 27. Nc2 {
[%emt 0:00:07]} Nb4 {[%emt 0:00:07]} 28. Nxb4 {[%emt 0:00:03]} Bxb4 {[%emt 0:
00:00]} 29. Nf3 {[%emt 0:00:01]} b5 {[%emt 0:00:07]} 30. Ne1 {[%emt 0:00:14]}
Rhc8 {[%emt 0:00:25]} 31. Bd2 {[%emt 0:00:16]} Be7 {[%emt 0:00:28]} 32. Nc2 {
[%emt 0:00:16]} Nb8 {[%emt 0:00:14]} 33. Kd3 {[%emt 0:00:40]} Rc6 {[%emt 0:00:
23]} 34. Bc1 {[%emt 0:00:14]} b4 {[%emt 0:00:03]} 35. Bd2 {[%emt 0:00:02]} Na6
{[%emt 0:00:03]} 36. f4 {[%emt 0:00:03] The bluff propose la nulle} Rac8 {
[%emt 0:00:04]} 37. h3 {[%emt 0:00:02]} Rc3+ {[%emt 0:00:06]} 38. Bxc3 {[%emt
0:00:04]} Rxc3+ {[%emt 0:00:00]} 39. Kd2 {[%emt 0:00:01]} Rxg3 {[%emt 0:00:01]}
40. Rh1 {[%emt 0:00:04]} Rg2+ {[%emt 0:00:03]} 41. Kd3 {[%emt 0:00:03]} Nc7 {
[%emt 0:00:12]} 42. Raa1 {[%emt 0:00:11]} Rg3+ {[%emt 0:00:02]} 43. Kd2 {[%emt
0:00:05]} Nb5 {[%emt 0:00:06]} 44. Rag1 {[%emt 0:00:02]} Rxb3 {[%emt 0:00:03]}
45. Rxg7 {[%emt 0:00:01]} Rb2 {[%emt 0:00:03]} 46. Rxf7 {[%emt 0:00:01]} b3 {
[%emt 0:00:01]} 47. Rxe7+ {[%emt 0:00:01]} Kb6 {[%emt 0:00:03]} 48. Rc1 {[%emt
0:00:01]} a2 {[%emt 0:00:02]} 49. Rxe6+ {[%emt 0:00:04]} Kb7 {[%emt 0:00:03]}
50. Re7+ {[%emt 0:00:01]} Nc7 {[%emt 0:00:01]} 51. e6 {[%emt 0:00:10] .} Rxc2+
{[%emt 0:00:02]} 52. Rxc2 {[%emt 0:00:01]} bxc2 {[%emt 0:00:00]} 53. Kxc2 {
[%emt 0:00:00]} a1=Q {[%emt 0:00:01]} 54. Rd7 {[%emt 0:00:00]} Qa2+ {[%emt 0:
00:02]} 55. Kd3 {[%emt 0:00:01]} Qc4+ {[%emt 0:00:01]} 56. Ke3 {[%emt 0:00:00]}
Qc3+ {[%emt 0:00:00]} 57. Kf2 {[%emt 0:00:01]} Qxd4+ {[%emt 0:00:01]} 58. Kg3 {
[%emt 0:00:00]} Qe3+ {[%emt 0:00:01] The bluff abandonne} 0-1

[Event "Villarobledo Online Qualifyer"]
[Site "playchess.com #155672"]
[Date "2009.05.23"]
[Round "10"]
[White "Cemcakan3"]
[Black "Slavmonster"]
[Result "1-0"]
[WhiteElo "2164"]
[BlackElo "2097"]
[PlyCount "133"]
[EventDate "2009.05.23"]
[EventType "swiss (blitz)"]

1. d4 {[%emt 0:00:02]} Nf6 {[%emt 0:00:02]} 2. c4 {[%emt 0:00:01]} e6 {[%emt 0:
00:02]} 3. Nf3 {[%emt 0:00:01]} b6 {[%emt 0:00:02]} 4. g3 {[%emt 0:00:01]} Ba6
{[%emt 0:00:09]} 5. b3 {[%emt 0:00:01]} Bb4+ {[%emt 0:00:02]} 6. Bd2 {[%emt 0:
00:00]} Be7 {[%emt 0:00:00]} 7. Bg2 {[%emt 0:00:02]} c6 {[%emt 0:00:09]} 8. Bc3
{[%emt 0:00:01]} d5 {[%emt 0:00:05]} 9. Ne5 {[%emt 0:00:01]} Nfd7 {[%emt 0:00:
06]} 10. Nxd7 {[%emt 0:00:01]} Nxd7 {[%emt 0:00:04]} 11. Nd2 {[%emt 0:00:00]}
O-O {[%emt 0:00:09]} 12. O-O {[%emt 0:00:00]} f5 {[%emt 0:00:15]} 13. a4 {
[%emt 0:00:12]} Rc8 {[%emt 0:00:12]} 14. Qc2 {[%emt 0:00:13]} Nf6 {[%emt 0:00:
28]} 15. a5 {[%emt 0:00:33]} c5 {[%emt 0:00:13]} 16. axb6 {[%emt 0:00:06]} Qxb6
{[%emt 0:00:04]} 17. cxd5 {[%emt 0:00:25]} Nxd5 {[%emt 0:00:03]} 18. Nc4 {
[%emt 0:00:09]} Bxc4 {[%emt 0:00:32]} 19. bxc4 {[%emt 0:00:02]} Nxc3 {[%emt 0:
00:01]} 20. Qxc3 {[%emt 0:00:01]} cxd4 {[%emt 0:00:01]} 21. Qd3 {[%emt 0:00:12]
} Bb4 {[%emt 0:00:07]} 22. Rab1 {[%emt 0:00:16]} a5 {[%emt 0:00:01]} 23. Rfd1 {
[%emt 0:00:01]} Qc5 {[%emt 0:00:07]} 24. Qxd4 {[%emt 0:00:04]} Qxc4 {[%emt 0:
00:00]} 25. Qe3 {[%emt 0:00:11]} Rfe8 {[%emt 0:00:04]} 26. Rbc1 {[%emt 0:00:17]
} Qa6 {[%emt 0:00:14]} 27. h4 {[%emt 0:00:09]} h6 {[%emt 0:00:02]} 28. Rd7 {
[%emt 0:00:10]} Rxc1+ {[%emt 0:00:12]} 29. Qxc1 {[%emt 0:00:00]} Qb5 {[%emt 0:
00:01]} 30. Qc7 {[%emt 0:00:04]} Bf8 {[%emt 0:00:04]} 31. Rd8 {[%emt 0:00:16]}
Rxd8 {[%emt 0:00:10]} 32. Qxd8 {[%emt 0:00:00]} a4 {[%emt 0:00:01]} 33. e4 {
[%emt 0:00:15]} Qb1+ {[%emt 0:00:05]} 34. Kh2 {[%emt 0:00:01]} a3 {[%emt 0:00:
01]} 35. Qc8 {[%emt 0:00:10]} Qb3 {[%emt 0:00:12]} 36. exf5 {[%emt 0:00:03]}
exf5 {[%emt 0:00:00]} 37. Qd7 {[%emt 0:00:05]} Kh7 {[%emt 0:00:01]} 38. h5 {
[%emt 0:00:02]} Qc2 {[%emt 0:00:02]} 39. Qf7 {[%emt 0:00:06]} a2 {[%emt 0:00:
03]} 40. Qg6+ {[%emt 0:00:00]} Kg8 {[%emt 0:00:01]} 41. Qe6+ {[%emt 0:00:01]}
Kh8 {[%emt 0:00:00]} 42. Qf7 {[%emt 0:00:01]} Qc5 {[%emt 0:00:01]} 43. Bd5 {
[%emt 0:00:02]} Qxd5 {[%emt 0:00:03]} 44. Qxd5 {[%emt 0:00:01]} Kh7 {[%emt 0:
00:00]} 45. Qxf5+ {[%emt 0:00:01]} Kg8 {[%emt 0:00:01]} 46. Qd5+ {[%emt 0:00:
01]} Kh8 {[%emt 0:00:01]} 47. Qxa2 {[%emt 0:00:00]} Be7 {[%emt 0:00:01]} 48.
Qf7 {[%emt 0:00:01]} Bf6 {[%emt 0:00:01]} 49. g4 {[%emt 0:00:01]} Kh7 {[%emt 0:
00:01]} 50. f4 {[%emt 0:00:01]} Kh8 {[%emt 0:00:01]} 51. Qg6 {[%emt 0:00:01]}
Kg8 {[%emt 0:00:01]} 52. g5 {[%emt 0:00:00]} hxg5 {[%emt 0:00:01]} 53. fxg5 {
[%emt 0:00:00]} Be5+ {[%emt 0:00:01]} 54. Kh3 {[%emt 0:00:00]} Kh8 {[%emt 0:00:
02]} 55. Kg4 {[%emt 0:00:01]} Bb2 {[%emt 0:00:02]} 56. h6 {[%emt 0:00:03]} gxh6
{[%emt 0:00:01]} 57. Qxh6+ {[%emt 0:00:05]} Kg8 {[%emt 0:00:01]} 58. Qe6+ {
[%emt 0:00:02]} Kh8 {[%emt 0:00:01]} 59. Qc8+ {[%emt 0:00:02]} Kh7 {[%emt 0:00:
04]} 60. Qc2+ {[%emt 0:00:02]} Kg8 {[%emt 0:00:02]} 61. Qxb2 {[%emt 0:00:01]}
Kf7 {[%emt 0:00:00]} 62. Qb6 {[%emt 0:00:02]} Kg7 {[%emt 0:00:01]} 63. Kf5 {
[%emt 0:00:01]} Kh7 {[%emt 0:00:01]} 64. Qf6 {[%emt 0:00:03]} Kg8 {[%emt 0:00:
01]} 65. Qe7 {[%emt 0:00:02]} Kh8 {[%emt 0:00:01]} 66. Kg6 {[%emt 0:00:01]} Kg8
{[%emt 0:00:00]} 67. Qg7# {[%emt 0:00:01]} 1-0

[Event "Villarobledo Online Qualifyer"]
[Site "playchess.com #155672"]
[Date "2009.05.23"]
[Round "10"]
[White "Mtudorache"]
[Black "Ferdi Sert"]
[Result "1/2-1/2"]
[WhiteElo "1743"]
[BlackElo "1852"]
[PlyCount "140"]
[EventDate "2009.05.23"]
[EventType "swiss (blitz)"]

1. e4 {[%emt 0:00:05]} c5 {[%emt 0:00:01]} 2. Nf3 {[%emt 0:00:01]} Nc6 {[%emt
0:00:01]} 3. d4 {[%emt 0:00:01]} cxd4 {[%emt 0:00:01]} 4. Nxd4 {[%emt 0:00:00]}
g6 {[%emt 0:00:01]} 5. c4 {[%emt 0:00:05]} Bg7 {[%emt 0:00:01]} 6. Nc2 {[%emt
0:00:11]} Nf6 {[%emt 0:00:01]} 7. Nc3 {[%emt 0:00:02]} d6 {[%emt 0:00:02]} 8.
Be2 {[%emt 0:00:08]} O-O {[%emt 0:00:04]} 9. O-O {[%emt 0:00:07]} Be6 {[%emt 0:
00:01]} 10. Rb1 {[%emt 0:00:06]} Rc8 {[%emt 0:00:04]} 11. Bd2 {[%emt 0:00:06]}
a6 {[%emt 0:00:10]} 12. f3 {[%emt 0:00:25]} Ne5 {[%emt 0:00:05]} 13. b3 {[%emt
0:00:03]} Qb6+ {[%emt 0:00:11]} 14. Kh1 {[%emt 0:00:07]} h5 {[%emt 0:00:07]}
15. Be3 {[%emt 0:00:08]} Qc7 {[%emt 0:00:04]} 16. Nd4 {[%emt 0:00:09]} Bd7 {
[%emt 0:00:02]} 17. Qd2 {[%emt 0:00:06]} Rfd8 {[%emt 0:00:02]} 18. Rfc1 {[%emt
0:00:01]} Bc6 {[%emt 0:00:03]} 19. Nd5 {[%emt 0:00:03]} Bxd5 {[%emt 0:00:05]}
20. cxd5 {[%emt 0:00:03]} Qb8 {[%emt 0:00:01]} 21. Rb2 {[%emt 0:00:32]} Rxc1+ {
[%emt 0:00:06]} 22. Qxc1 {[%emt 0:00:01]} Rc8 {[%emt 0:00:01]} 23. Rc2 {[%emt
0:00:01]} Rxc2 {[%emt 0:00:02]} 24. Qxc2 {[%emt 0:00:00]} Nfd7 {[%emt 0:00:03]}
25. Bg1 {[%emt 0:00:08]} Bh6 {[%emt 0:00:04]} 26. b4 {[%emt 0:00:07]} Nf6 {
[%emt 0:00:30]} 27. a4 {[%emt 0:00:07]} Ned7 {[%emt 0:00:04]} 28. Qc4 {[%emt 0:
00:07]} Ne8 {[%emt 0:00:03]} 29. Qc2 {[%emt 0:00:06]} Qc7 {[%emt 0:00:03]} 30.
Qxc7 {[%emt 0:00:02]} Nxc7 {[%emt 0:00:01]} 31. h4 {[%emt 0:00:04]} Bf4 {[%emt
0:00:02]} 32. Bf2 {[%emt 0:00:02]} Be5 {[%emt 0:00:01]} 33. Nc2 {[%emt 0:00:03]
} Bc3 {[%emt 0:00:08]} 34. g3 {[%emt 0:00:02]} a5 {[%emt 0:00:10]} 35. b5 {
[%emt 0:00:05]} b6 {[%emt 0:00:04]} 36. Nd4 {[%emt 0:00:03]} Bxd4 {[%emt 0:00:
04]} 37. Bxd4 {[%emt 0:00:01]} Nc5 {[%emt 0:00:03]} 38. Bd1 {[%emt 0:00:01]} e5
{[%emt 0:00:10]} 39. Be3 {[%emt 0:00:05]} Kf8 {[%emt 0:00:03]} 40. Kg2 {[%emt
0:00:02]} Ke7 {[%emt 0:00:01]} 41. Bc2 {[%emt 0:00:01]} Ne8 {[%emt 0:00:06]}
42. g4 {[%emt 0:00:02]} Nf6 {[%emt 0:00:03]} 43. Bg5 {[%emt 0:00:07]} Ncd7 {
[%emt 0:00:10]} 44. Kg3 {[%emt 0:00:09]} Kf8 {[%emt 0:00:04]} 45. Be3 {[%emt 0:
00:01]} Kg7 {[%emt 0:00:11]} 46. g5 {[%emt 0:00:03]} Ne8 {[%emt 0:00:02]} 47.
Kf2 {[%emt 0:00:01]} f5 {[%emt 0:00:02]} 48. Ke2 {[%emt 0:00:04]} f4 {[%emt 0:
00:01]} 49. Bf2 {[%emt 0:00:01]} Kf7 {[%emt 0:00:04]} 50. Bg1 {[%emt 0:00:01]}
Ke7 {[%emt 0:00:01]} 51. Kd3 {[%emt 0:00:01]} Kd8 {[%emt 0:00:01]} 52. Kc4 {
[%emt 0:00:01]} Kc7 {[%emt 0:00:01]} 53. Bd3 {[%emt 0:00:04]} Nc5 {[%emt 0:00:
01]} 54. Bxc5 {[%emt 0:00:01]} dxc5 {[%emt 0:00:02]} 55. Bf1 {[%emt 0:00:00]}
Kd6 {[%emt 0:00:01]} 56. Bh3 {[%emt 0:00:01]} Ng7 {[%emt 0:00:02]} 57. Kc3 {
[%emt 0:00:03]} Ke7 {[%emt 0:00:03]} 58. Kc4 {[%emt 0:00:02]} Kd6 {[%emt 0:00:
01]} 59. Kc3 {[%emt 0:00:01]} Ke7 {[%emt 0:00:02]} 60. Kc4 {[%emt 0:00:03]} Ne8
{[%emt 0:00:02]} 61. Kc3 {[%emt 0:00:05]} Nd6 {[%emt 0:00:01]} 62. Be6 {[%emt
0:00:02]} Kd8 {[%emt 0:00:07]} 63. Bh3 {[%emt 0:00:02]} Ke7 {[%emt 0:00:02]}
64. Be6 {[%emt 0:00:01]} Kf8 {[%emt 0:00:04]} 65. Bh3 {[%emt 0:00:01]} Kg7 {
[%emt 0:00:01]} 66. Be6 {[%emt 0:00:01]} Kf8 {[%emt 0:00:01]} 67. Bh3 {[%emt 0:
00:01]} Ke8 {[%emt 0:00:01]} 68. Be6 {[%emt 0:00:01]} Kd8 {[%emt 0:00:01]} 69.
Bh3 {[%emt 0:00:01]} Kc7 {[%emt 0:00:01]} 70. Be6 {[%emt 0:00:01]} Kd8 {[%emt
0:00:02]} 1/2-1/2

[Event "Villarobledo Online Qualifyer"]
[Site "playchess.com #155672"]
[Date "2009.05.23"]
[Round "10"]
[White "Drago_infiammato"]
[Black "Dominguez"]
[Result "0-1"]
[WhiteElo "2084"]
[BlackElo "2141"]
[PlyCount "138"]
[EventDate "2009.05.23"]
[EventType "swiss (blitz)"]

1. d4 {[%emt 0:00:01]} Nf6 {[%emt 0:00:02]} 2. c4 {[%emt 0:00:03]} g6 {[%emt 0:
00:02]} 3. Nc3 {[%emt 0:00:02]} d5 {[%emt 0:00:01]} 4. cxd5 {[%emt 0:00:02]}
Nxd5 {[%emt 0:00:01]} 5. Na4 {[%emt 0:00:01]} Bg7 {[%emt 0:00:11]} 6. e4 {
[%emt 0:00:03]} Nb6 {[%emt 0:00:01]} 7. Nf3 {[%emt 0:00:03]} Nxa4 {[%emt 0:00:
04]} 8. Qxa4+ {[%emt 0:00:00]} c6 {[%emt 0:00:01]} 9. Be3 {[%emt 0:00:03]} O-O
{[%emt 0:00:01]} 10. Rd1 {[%emt 0:00:04]} Bg4 {[%emt 0:00:04]} 11. Be2 {[%emt
0:00:01]} Nd7 {[%emt 0:00:04]} 12. h3 {[%emt 0:00:02]} Bxf3 {[%emt 0:00:09]}
13. Bxf3 {[%emt 0:00:01]} Qc7 {[%emt 0:00:07]} 14. h4 {[%emt 0:00:08]} e5 {
[%emt 0:00:07]} 15. d5 {[%emt 0:00:04]} cxd5 {[%emt 0:00:04]} 16. exd5 {[%emt
0:00:09]} Nb6 {[%emt 0:00:03]} 17. Bxb6 {[%emt 0:00:02]} Qxb6 {[%emt 0:00:02]}
18. O-O {[%emt 0:00:04]} Rfd8 {[%emt 0:00:11]} 19. h5 {[%emt 0:00:01]} Rac8 {
[%emt 0:00:13]} 20. hxg6 {[%emt 0:00:02]} hxg6 {[%emt 0:00:01]} 21. Rd2 {[%emt
0:00:15]} f5 {[%emt 0:00:03]} 22. Rfd1 {[%emt 0:00:02]} e4 {[%emt 0:00:01]} 23.
Be2 {[%emt 0:00:02]} Rd6 {[%emt 0:00:11]} 24. Bc4 {[%emt 0:00:07]} a6 {[%emt 0:
00:03]} 25. Qb3 {[%emt 0:00:03]} Qc7 {[%emt 0:00:04]} 26. Be2 {[%emt 0:00:07]}
b5 {[%emt 0:00:03]} 27. a4 {[%emt 0:00:02]} bxa4 {[%emt 0:00:09]} 28. Qxa4 {
[%emt 0:00:03]} Be5 {[%emt 0:00:07]} 29. g3 {[%emt 0:00:19]} e3 {[%emt 0:00:12]
} 30. fxe3 {[%emt 0:00:09]} Bxg3 {[%emt 0:00:01]} 31. Bf3 {[%emt 0:00:09]} Qe7
{[%emt 0:00:17]} 32. e4 {[%emt 0:00:03]} f4 {[%emt 0:00:16]} 33. Bg4 {[%emt 0:
00:03]} Re8 {[%emt 0:00:05]} 34. Be6+ {[%emt 0:00:01]} Kg7 {[%emt 0:00:07]} 35.
Qd4+ {[%emt 0:00:03]} Kf8 {[%emt 0:00:04]} 36. e5 {[%emt 0:00:01]} Rxe6 {[%emt
0:00:04]} 37. dxe6 {[%emt 0:00:03]} Qxe6 {[%emt 0:00:01]} 38. Qd6+ {[%emt 0:00:
01]} Kf7 {[%emt 0:00:02]} 39. Qxe6+ {[%emt 0:00:02]} Kxe6 {[%emt 0:00:01]} 40.
Rd6+ {[%emt 0:00:04]} Kf5 {[%emt 0:00:05]} 41. e6 {[%emt 0:00:08]} Rxe6 {[%emt
0:00:06]} 42. R1d5+ {[%emt 0:00:08]} Kf6 {[%emt 0:00:05]} 43. Rxe6+ {[%emt 0:
00:01]} Kxe6 {[%emt 0:00:01]} 44. Ra5 {[%emt 0:00:00]} f3 {[%emt 0:00:03]} 45.
Ra3 {[%emt 0:00:06]} Be5 {[%emt 0:00:06]} 46. Rxa6+ {[%emt 0:00:01]} Kf5 {
[%emt 0:00:01]} 47. b4 {[%emt 0:00:04]} Bd4+ {[%emt 0:00:03]} 48. Kf1 {[%emt 0:
00:01]} g5 {[%emt 0:00:00]} 49. Rd6 {[%emt 0:00:01]} Be3 {[%emt 0:00:06]} 50.
Rd3 {[%emt 0:00:03]} Ke4 {[%emt 0:00:01]} 51. Rb3 {[%emt 0:00:02]} g4 {[%emt 0:
00:01]} 52. b5 {[%emt 0:00:00]} g3 {[%emt 0:00:02]} 53. Rb4+ {[%emt 0:00:00]}
Kf5 {[%emt 0:00:04] Drago_infiammato offre la patta} 54. Rb2 {[%emt 0:00:24]}
Bb6 {[%emt 0:00:07]} 55. Rc2 {[%emt 0:00:06]} Kg4 {[%emt 0:00:04]} 56. Ra2 {
[%emt 0:00:22]} Kh3 {[%emt 0:00:02]} 57. Ke1 {[%emt 0:00:26]} g2 {[%emt 0:00:
02]} 58. Kd2 {[%emt 0:00:09]} g1=Q {[%emt 0:00:02]} 59. Ra3 {[%emt 0:00:01]}
Qd4+ {[%emt 0:00:02]} 60. Kc2 {[%emt 0:00:14]} Qc5+ {[%emt 0:00:01]} 61. Kb3 {
[%emt 0:00:02]} Qxb5+ {[%emt 0:00:01]} 62. Ka2 {[%emt 0:00:01]} Qe2+ {[%emt 0:
00:02]} 63. Kb1 {[%emt 0:00:01]} Be3 {[%emt 0:00:02]} 64. Ra8 {[%emt 0:00:07]}
f2 {[%emt 0:00:01]} 65. Rh8+ {[%emt 0:00:02]} Kg3 {[%emt 0:00:01]} 66. Rg8+ {
[%emt 0:00:00]} Kf3 {[%emt 0:00:01]} 67. Rf8+ {[%emt 0:00:00]} Bf4 {[%emt 0:00:
01]} 68. Rc8 {[%emt 0:00:08]} f1=Q+ {[%emt 0:00:03]} 69. Rc1 {[%emt 0:00:01]}
Qxc1# {[%emt 0:00:01]} 0-1

[Event "Villarobledo Online Qualifyer"]
[Site "playchess.com #155672"]
[Date "2009.05.23"]
[Round "10"]
[White "Novoselski"]
[Black "Mtv star"]
[Result "1-0"]
[WhiteElo "2506"]
[BlackElo "2374"]
[PlyCount "133"]
[EventDate "2009.05.23"]
[EventType "swiss (blitz)"]

1. e4 {[%emt 0:00:02]} e6 {[%emt 0:00:01]} 2. d4 {[%emt 0:00:01]} d5 {[%emt 0:
00:00]} 3. e5 {[%emt 0:00:00]} f5 {[%emt 0:00:02]} 4. exf6 {[%emt 0:00:11]}
Nxf6 {[%emt 0:00:04]} 5. Nf3 {[%emt 0:00:00]} Bd6 {[%emt 0:00:02]} 6. Bg5 {
[%emt 0:00:04]} O-O {[%emt 0:00:01]} 7. Bd3 {[%emt 0:00:06]} Nbd7 {[%emt 0:00:
01]} 8. O-O {[%emt 0:00:02]} e5 {[%emt 0:00:01]} 9. Bf5 {[%emt 0:00:18]} e4 {
[%emt 0:00:14]} 10. Ne1 {[%emt 0:00:07]} h6 {[%emt 0:00:13]} 11. Bh4 {[%emt 0:
00:04]} Nb6 {[%emt 0:00:04]} 12. Bxc8 {[%emt 0:00:05]} Rxc8 {[%emt 0:00:02]}
13. Nd2 {[%emt 0:00:20]} Qd7 {[%emt 0:00:11]} 14. Bg3 {[%emt 0:00:03]} Bxg3 {
[%emt 0:00:08]} 15. hxg3 {[%emt 0:00:01]} Ng4 {[%emt 0:00:07]} 16. Qe2 {[%emt
0:00:16]} Qf5 {[%emt 0:00:18]} 17. f3 {[%emt 0:00:01]} exf3 {[%emt 0:00:08]}
18. gxf3 {[%emt 0:00:01]} Rce8 {[%emt 0:00:20]} 19. Qd3 {[%emt 0:00:05]} Ne3 {
[%emt 0:00:18]} 20. Qxf5 {[%emt 0:00:06]} Nxf5 {[%emt 0:00:04]} 21. Rf2 {[%emt
0:00:00]} Nxd4 {[%emt 0:00:13]} 22. c3 {[%emt 0:00:08]} Nf5 {[%emt 0:00:06]}
23. Kh2 {[%emt 0:00:06]} c6 {[%emt 0:00:06]} 24. Ng2 {[%emt 0:00:01]} g5 {
[%emt 0:00:09]} 25. Nb3 {[%emt 0:00:09]} Nc4 {[%emt 0:00:11]} 26. Nc5 {[%emt 0:
00:06]} b6 {[%emt 0:00:04]} 27. Nd3 {[%emt 0:00:01]} Nfe3 {[%emt 0:00:14]} 28.
Re1 {[%emt 0:00:31]} Nxg2 {[%emt 0:00:04]} 29. Kxg2 {[%emt 0:00:03]} Rxe1 {
[%emt 0:00:07]} 30. Nxe1 {[%emt 0:00:02]} Re8 {[%emt 0:00:01]} 31. Nd3 {[%emt
0:00:04]} c5 {[%emt 0:00:02]} 32. f4 {[%emt 0:00:03]} gxf4 {[%emt 0:00:05]} 33.
Nxf4 {[%emt 0:00:01]} Re5 {[%emt 0:00:08]} 34. b3 {[%emt 0:00:02]} Ne3+ {[%emt
0:00:05]} 35. Kf3 {[%emt 0:00:01]} d4 {[%emt 0:00:04]} 36. cxd4 {[%emt 0:00:03]
} cxd4 {[%emt 0:00:00]} 37. Rd2 {[%emt 0:00:01]} Nf5 {[%emt 0:00:01]} 38. Ne2 {
[%emt 0:00:16]} Kf7 {[%emt 0:00:06]} 39. Kf4 {[%emt 0:00:06]} Ke6 {[%emt 0:00:
04]} 40. g4 {[%emt 0:00:02]} Nd6 {[%emt 0:00:06]} 41. Nxd4+ {[%emt 0:00:02]}
Kf6 {[%emt 0:00:01]} 42. Nc6 {[%emt 0:00:05]} Re4+ {[%emt 0:00:01]} 43. Kf3 {
[%emt 0:00:01]} Re6 {[%emt 0:00:06]} 44. Nxa7 {[%emt 0:00:04]} Ne4 {[%emt 0:00:
01]} 45. Rd3 {[%emt 0:00:06]} Ng5+ {[%emt 0:00:00]} 46. Kg3 {[%emt 0:00:02]}
Ne4+ {[%emt 0:00:01]} 47. Kg2 {[%emt 0:00:01]} Ng5 {[%emt 0:00:01]} 48. Rd2 {
[%emt 0:00:01]} Re3 {[%emt 0:00:01]} 49. Nc6 {[%emt 0:00:09]} Ne6 {[%emt 0:00:
03]} 50. Rd6 {[%emt 0:00:04]} Re2+ {[%emt 0:00:03]} 51. Kf3 {[%emt 0:00:02]}
Rxa2 {[%emt 0:00:06]} 52. Nd4 {[%emt 0:00:01]} Ke5 {[%emt 0:00:00]} 53. Rxe6+ {
[%emt 0:00:03]} Kxd4 {[%emt 0:00:01]} 54. Rxh6 {[%emt 0:00:04]} b5 {[%emt 0:00:
01] Mtv star offers a draw} 55. Rh3 {[%emt 0:00:05]} Rc2 {[%emt 0:00:09]} 56.
Kf4 {[%emt 0:00:05]} b4 {[%emt 0:00:00]} 57. g5 {[%emt 0:00:01]} Rf2+ {[%emt 0:
00:01]} 58. Kg4 {[%emt 0:00:04]} Ke5 {[%emt 0:00:01]} 59. Re3+ {[%emt 0:00:02]}
Kd4 {[%emt 0:00:01]} 60. Rg3 {[%emt 0:00:01]} Rf8 {[%emt 0:00:02]} 61. g6 {
[%emt 0:00:01]} Ke4 {[%emt 0:00:00]} 62. Kg5 {[%emt 0:00:01]} Rf5+ {[%emt 0:00:
02]} 63. Kh6 {[%emt 0:00:01]} Rf1 {[%emt 0:00:02]} 64. g7 {[%emt 0:00:01]} Rh1+
{[%emt 0:00:00]} 65. Kg6 {[%emt 0:00:01]} Kf4 {[%emt 0:00:02]} 66. Rg5 {[%emt
0:00:01]} Rg1 {[%emt 0:00:08]} 67. Rxg1 {[%emt 0:00:02] Mtv star resigns} 1-0